Opera lui Mihai Eminescu. (Record no. 66676)
[ view plain ]
| 000 -LEADER | |
|---|---|
| fixed length control field | 00689cam7a220020500 4500 |
| 001 - CONTROL NUMBER | |
| control field | tmp15497424 |
| 003 - CONTROL NUMBER IDENTIFIER | |
| control field | UPRA |
| 005 - DATE AND TIME OF LATEST TRANSACTION | |
| control field | 20190815104602.0 |
| 008 - FIXED-LENGTH DATA ELEMENTS--GENERAL INFORMATION | |
| fixed length control field | 950829s1969 rm rum u |
| 035 ## - SYSTEM CONTROL NUMBER | |
| System control number | (Sirsi) r121369 |
| 035 ## - SYSTEM CONTROL NUMBER | |
| System control number | (UPRA)tmp15497424 |
| 040 ## - CATALOGING SOURCE | |
| Transcribing agency | UPRA |
| 100 1# - MAIN ENTRY--PERSONAL NAME | |
| Personal name | Calinescu, George, 1899-1965. |
| Dates associated with a name | Calinescu, George, 1899-1965. |
| Linkage | A88547.1 |
| 245 10 - TITLE STATEMENT | |
| Title | Opera lui Mihai Eminescu. |
| 260 ## - PUBLICATION, DISTRIBUTION, ETC. | |
| Place of publication, distribution, etc. | Bucuresti : |
| Name of publisher, distributor, etc. | Pentru literatura, |
| Date of publication, distribution, etc. | 1969. |
| 700 1# - ADDED ENTRY--PERSONAL NAME | |
| Personal name | Eminescu, Mihai, 1850-1889. |
| Dates associated with a name | Eminescu, Mihai, 1850-1889. |
| Linkage | A88635.1 |
| 949 ## - LOCAL PROCESSING INFORMATION (OCLC) | |
| a | PC839.E5 |
| v | VOL. 1 |
| w | lcc |
| i | -174454 |
| m | MAIN |
| t | BOOK |
| l | ON-SHELF |
| 949 ## - LOCAL PROCESSING INFORMATION (OCLC) | |
| a | PC839.E5 |
| v | VOL. 2 |
| w | lcc |
| i | -174455 |
| m | MAIN |
| t | BOOK |
| l | ON-SHELF |
No items available.